| 000 | 00570nam a2200205Ia 4500 | ||
|---|---|---|---|
| 003 | OSt | ||
| 005 | 20220830112150.0 | ||
| 008 | 220830b |||||||| |||| 00| 0 eng d | ||
| 020 | _a0130909955 | ||
| 040 | _cIFM Library | ||
| 082 | _a338.04 | ||
| 100 |
_aDollinger, Marc J. _97782 |
||
| 245 | _aEntrepreneurship: Strategies and Resources | ||
| 250 | _a3rd ed. | ||
| 260 |
_aNew Jersey: _bPearson Education, _c2003 |
||
| 300 | _axix, 549p.: ill.; 23cm. | ||
| 500 | _aIncludes Index | ||
| 650 |
_aNew business enterprisesEntrepreneurship _97769 |
||
| 942 |
_cBK _2ddc _n0 |
||
| 999 |
_c2919 _d2919 |
||